000 01034nam a22002537a 4500
001 5267
003 FISKH
005 20241204153753.0
008 241121b cb ||||| |||| 00| 0 eng d
020 _a9780545831741
040 _aFISKH
_beng
_cFISKH
_dFISKH
082 _a536
100 _aGoldsmith, Mike
_d(1962-)
245 _aThe hot book & the cold book /
_cDr. Mike Goldensmith Miranda Smith
250 _aFirst published in 2015
260 _aLondon :
_bScholastic,
_c2015.
300 _a62 pages :
_bcolor illustrations ;
_c26 cm
520 _aThis stunning series is packed with cross-curricular information, case studies and dazzling photography. Exploding volcanoes, sizzling start and fire-breathing dragons... enough burning hot facts to make you sweat! Ship-sinking icebergs, frozen planets, abominable snowmen... enough facts and fun about the cold to give you goosebumps!
650 _2Non-fiction
_aCold
650 _2Science
_aHeat
700 _aSmith, Miranda
_dIllustrator
942 _2ddc
_cBK
_n0
999 _c5267
_d5267